00246nam a2200097Ia 4500008004100000041000800041100001100049245005900060650001000119999001900129230605s9999 xx 000 0 und d aeng aFrance aThe complete book of chocolate & 200 chocolate recipes aF. P. c417580d417580